Heavy Metal: Song to Band - Statistics

General Stats
  • This quiz has been taken 69 times
  • The average score is 11 of 13
Answer Stats
Song Band % Correct
Enter Sandman Metallica
98%
Welcome to the Jungle Guns N’ Roses
95%
Thunderstruck AC/DC
94%
TNT AC/DC
90%
Iron Man Black Sabbath
90%
Paranoid Black Sabbath
90%
Paradise City Guns N’ Roses
89%
The Trooper Iron Maiden
86%
One Metallica
83%
Ace of Spades Motörhead
83%
Breaking the Law Judas Priest
79%
Immigrant Song Led Zeppelin
78%
Psychosocial Slipknot
68%
No matching quizzes found
Score Distribution
Percent of People with Each Score
Percentile by Number Answered
Your Score History
You have not taken this quiz